000 01008 a2200229 4500
001 54270
005 20260407155814.0
008 260407a1967 arg spa d
003 AR-UNSa-BCEJYS
040 _aAR-UNSa-BCEJYS
_bspa
_cAR-UNSa-BCEJYS
080 _a330.34.01
_xTeoría del desarrollo económico
245 1 0 _aTeoría del desenvolvimiento económico
_puna investigación sobre ganancias., capital, crédito, interés y ciclo económico
250 _a4a. ed
264 1 _aMéxico :
_bFondo de Cultura Económica
_c1967
300 _a255 p.
_c21 cm.
505 _a1. La corriente circular de la vida económica en tanto que condicionada por circunstancias dadas – 2. El fenómeno fundamental del desenvolvimiento económico – 3. Crédito y capital – 4. La ganancia del empresario – 5. Interés del capital – 6. El ciclo económico.
041 _aspa
942 _cBK
590 _aniveau_biblio:m niveau_hierar:0
100 1 _aSchumpeter, Joseph A.
700 1 _aPrados Arrarte, Jesús
999 _c5440
_d5440